01126nam a2200289 u 450000100100000000500170001000800410002702000180006804100140008610000200010024500800012025000120020026000340021230000190024649000330026550000620029850000570036050000940041750000700051150000880058165000210066965000240069065000350071465000310074965000300078070000260081000004931020200120222638.0120604s2010 sp a br 000 0 spa d a97884263776781 a-spahfre1 aDubuc, Marianne13aUn elefante se balanceaba /cMarianne Dubuc ; traducción Celia Turrión. a1a. ed. aZaragoza :bEdelvives,c2010. a[22] p. :bil. 0aColección luciérnagav11 aTítulo original : Un éléphant qui se balançait... aEj.1 de Biblioteca Mosquera con ISBN: 9789588654041. aEj.1 de la Biblioteca Carlos E. Restrepo pertenece a la colección donada por Bibliored. aEj.1 de la Biblioteca Carlos E. Restrepo con ISBN: 9789588654041. aMaterial Adquirido con recursos foniñez ejemplares de Jornada Escolar Colsubsidio14aÁlbum infantil24aLiteratura infantil24aLibros ilustrados para niños24aElefantes en la literatura24aAnimales en la literatura1 aTurrión, Celiaetr.